Tilastot visalle Suomen joukkue yleisurheilun MM-kisoihin 2022

Klikkaa tästä pelataksesi tätä visaa!

Yleistilastot

  • Tätä visaa on pelattu 54 kertaa
  • Keskiarvotulos 22 / 36

Vastaustilastot

LajiNimi% Oikein
SeiväsWilma Murto
97%
3-loikkaKristiina Mäkelä
92%
110 m ajElmo Lakka
90%
KeihäsOliver Helander
85%
100 m ajReetta Hurske
85%
3-loikkaSenni Salminen
85%
KorkeusElla Junnila
82%
KeihäsLassi Etelätalo
82%
MoukariKrista Tervo
77%
3000 m ejTopi Raitanen
77%
PituusKristian Pulli
72%
SeiväsSaga Andersson
72%
MoukariSilja Kosonen
72%
KorkeusSini Lällä
72%
MoukariAaron Kangas
67%
SeiväsElina Lampela
67%
35 km kävelyAku Partanen
64%
MaratonAlisa Vainio
64%
KorkeusHeta Tuuri
64%
MoukariTuomas Seppänen
64%
400 m ajViivi Lehikoinen
64%
KiekkoSalla Sipponen
62%
20 km & 35 km kävelyAleksi Ojala
51%
5000 mCamilla Richardsson
51%
200 mAnniina Kortetmaa
46%
MoukariSuvi Koskinen
46%
SeiväsTommi Holttinen
44%
KeihäsToni Keränen
44%
800 mEveliina Määttänen
41%
SeiväsMikko Paavola
38%
400 m ajKristiina Halonen
36%
KeihäsSanne Erkkola
36%
35 km kävelyElisa Neuvonen
33%
1500 mNathalie Blomqvist
33%
20 km kävelyEnni Nurmi
31%
35 km kävelyTiia Kuikka
31%

Tulosjakauma

Persentiili vastausten määrän mukaan

Jokaisen tuloksen saaneiden osuus

Tuloshistoriasi

Et ole pelannut tätä visaa